000 00847nam a22002417a 4500
003 0
005 20250212111549.0
008 250212b xxu||||| |||| 00| 0 eng d
020 _a978-1-9751-9766-7
050 _aRT 48.6
_b.Qu85 2022
100 _aQuigley, Beth Hogan
245 _aBates' nursing guide to physical examination and history taking
_cBeth Hogan-Quigley and Mary Louise Palm
250 _aThird edition
260 _aPhiladelphia
_bWolters Kluwer Health
_c2022
300 _axvii, 1050 pages :
_billustrations and pictures ;
_c26cm.
504 _aIncludes bibliographical references and index.
650 _aNursing assessment.
650 _aPhysical examination.
650 _aMedical history taking.
650 _aMedical--Nursing--Assessment and Diagnosis.
700 _a Palm, Mary Louise
942 _2lcc
_cBK
999 _c367186
_d367186